Are women commissioners more compassionate spenders? Evidence from Florida county governments (Record no. 528317)

000 -LEADER
fixed length control field 01773nam a22001457a 4500
008 - FIXED-LENGTH DATA ELEMENTS--GENERAL INFORMATION
fixed length control field 241128b ||||| |||| 00| 0 eng d
100 ## - MAIN ENTRY--PERSONAL NAME
Personal name Estorcien, Vernise Chen, Can Deb, Apu and Neshkova, Milena I.
245 ## - TITLE STATEMENT
Title Are women commissioners more compassionate spenders? Evidence from Florida county governments
260 ## - PUBLICATION, DISTRIBUTION, ETC. (IMPRINT)
Place of publication, distribution, etc American Review of Public Administration
300 ## - PHYSICAL DESCRIPTION
Extent 54(7), Oct, 2024: p.664-678
520 ## - SUMMARY, ETC.
Summary, etc While the number of women in government has increased, prior research on whether enhancing women's political representation alters policy choices has produced inconclusive findings. This study asks if higher women's participation in electoral institutions at the local level is associated with a different spending profile. Using Peterson’s typology of developmental, redistributive, and allocational government programs, we argue that legislative bodies with more female members will spend more on redistributive programs than on developmental or allocational. Using data from Florida's 67 counties between 2005 and 2015, our analysis supports this theoretical expectation. In line with critical mass theory, women's representation in county commissions must reach a threshold of about 33% to sway budgetary decision-making toward more extensive redistribution. We also find that the traditional commission form of government intensifies the redistributive effect of women commissioners on county spending while having a home rule charter has no significant effect.- Reproduced

https://journals.sagepub.com/doi/full/10.1177/02750740241247566
650 ## - SUBJECT ADDED ENTRY--TOPICAL TERM
Topical term or geographic name as entry element Gender, distributional equity, Commission, Country government, Florida, Compositional data.
9 (RLIN) 49139
773 ## - HOST ITEM ENTRY
Main entry heading American Review of Public Administration
942 ## - ADDED ENTRY ELEMENTS (KOHA)
Item type Articles
Holdings
Withdrawn status Lost status Source of classification or shelving scheme Damaged status Not for loan Permanent location Current location Date acquired Serial Enumeration / chronology Barcode Date last seen Koha item type
          Indian Institute of Public Administration Indian Institute of Public Administration 2024-11-28 54(7), Oct, 2024: p.664-678 AR133710 2024-11-28 Articles

Powered by Koha